| 000 | 00879nam a22002417a 4500 | ||
|---|---|---|---|
| 005 | 20160615115652.0 | ||
| 010 | _a1516EN07 B-599254-271 ENG-115288 | ||
| 020 |
_a9788132212362 _c999.00 |
||
| 035 | _aB-599254-271 | ||
| 035 | _aEN-98821 | ||
| 037 | _bAsian Book Centre/ven | ||
| 037 | _bDBAD/PUB | ||
| 082 | _a005.13 | ||
| 100 | _aMarkandeya, Sushil | ||
| 245 |
_aSap ABAP : _cby Sushil Markandeya [and] Kaushik Roy _bhands-on the test projects with business scenarios / |
||
| 260 |
_aNew Delhi _bSpringer _c2015 |
||
| 270 |
_a7th Floor,Vijaya Building, 17 Barakhamba Road _bNew Delhi _e110001, |
||
| 300 |
_axxxiii,855p. : _c25cm(pbk) _bill. |
||
| 500 | _aIncludes index | ||
| 700 | _aRoy,Kaushik | ||
| 942 |
_2ddc _cEN _h005.13 _mMAR |
||
| 999 |
_c96363 _d96363 |
||